000 00301 a2200121 4500
001 146896
040 _cEscola São Tomás de Aquino
100 _aROCHA, Ruth
240 1 0 _aAlvinho e o presente de Natal
_lpor
245 1 0 _aAlvinho e o presente de Natal
697 _a*LITERATURA INFANTO
942 _cBK
999 _c146896
_d146896